The kite / (Record no. 4119)

MARC details
000 -LEADER
fixed length control field 00914cam a2200265 a 4500
005 - DATE AND TIME OF LATEST TRANSACTION
control field 20240710094540.0
020 ## - INTERNATIONAL STANDARD BOOK NUMBER
International Standard Book Number 9780618723966 (pbk. : alk. paper)
040 ## - CATALOGING SOURCE
Original cataloging agency DLC
Transcribing agency DLC
Modifying agency DLC
Language of cataloging eng
050 00 - LIBRARY OF CONGRESS CALL NUMBER
Classification number PZ7.P42583
082 ## - DEWEY DECIMAL CLASSIFICATION NUMBER
Classification number 416
100 1# - MAIN ENTRY--PERSONAL NAME
Personal name Perez, Monica
245 10 - TITLE STATEMENT
Title The kite /
Statement of responsibility, etc. adapted by Monica Perez ; based on the TV series teleplay written by Joe Fallon
260 ## - PUBLICATION, DISTRIBUTION, ETC.
Place of publication, distribution, etc. Boston :
Name of publisher, distributor, etc. Houghton Mifflin ;
Date of publication, distribution, etc. 2006
300 ## - PHYSICAL DESCRIPTION
Extent 21 pages :
Other physical details color illustrations ;
Dimensions 23 cm
490 ## - SERIES STATEMENT
Series statement Curious George
Volume/sequential designation Level 1
505 ## - FORMATTED CONTENTS NOTE
Formatted contents note H <br/>
520 ## - SUMMARY, ETC.
Summary, etc. Curious George loves a good windy day. There are many things he can practice flying ... like a kite! Now if only he doesn't get too carried away!.
521 ## - TARGET AUDIENCE NOTE
Target audience note 450 <br/>
Source Lexile <br/>
521 ## - TARGET AUDIENCE NOTE
Target audience note H <br/>
Source Raz-Plus <br/>
650 ## - SUBJECT ADDED ENTRY--TOPICAL TERM
Topical term or geographic name entry element Wind
Form subdivision Fiction
700 1# - ADDED ENTRY--PERSONAL NAME
Personal name Fallon, Joe
906 ## - LOCAL DATA ELEMENT F, LDF (RLIN)
a 7
b cbc
c orignew
d 1
e ecip
f 20
g y-gencatlg
942 ## - ADDED ENTRY ELEMENTS (KOHA)
Source of classification or shelving scheme Dewey Decimal Classification
Koha item type Books
Suppress in OPAC No
999 ## -
-- 4119
-- 4119
Holdings
Withdrawn status Lost status Source of classification or shelving scheme Damaged status Not for loan Collection Home library Current library Shelving location Date acquired Total Checkouts Full call number Barcode Date last seen Date last checked out Copy number Price effective from Koha item type
    Dewey Decimal Classification     Juvenile Fiction Footprints International School Library Network Toul Kork Campus Footprints International School Library Network Toul Kork Campus   06/07/2024 1 PER 416 PZ7.P42583 FIS03094 05/26/2025 05/19/2025 1 06/07/2024 Books
    Dewey Decimal Classification     Juvenile Fiction Footprints International School Library Network Toul Kork Campus Footprints International School Library Network Toul Kork Campus TK Primary Library Room(4th Floor), Bookcase 1&2, Shelves 1-16, Dark Blue Books 07/10/2024 1 PER 416 PZ7.P42583 FISTK01542 09/04/2024 08/28/2024 2 07/10/2024 Books